000 00809nam a2200253 a 4500
001 66875
003 BD-RjUL
005 20211209081603.0
008 860411s19891987enk b 001 0 eng c
020 _a0710205767 :
_c£16.95 (U.K.) ($21.95 U.S.)
035 _a(BD-RjUL)67006
040 _aDNLM/DLC
_cDLC
_dDLC
_dBD-RjUL
_beng
041 _aeng
060 _aBF 81 H436sb
082 0 0 _223
_a150.9
_bHES 1989
100 1 _aHearnshaw, L. S.
_q(Leslie Spencer)
_990466
245 1 5 _aThe shaping of modern psychology /
_cL.S. Hearnshaw.
260 _aLondon ;
_aNew York :
_bRoutledge & Kegan Paul,
_c1987 [reprint 1989]
300 _aviii, 423 p. ;
_c24 cm.
504 _aIncludes Bibliography and index
650 0 _aPsychology
_xHistory.
_9198019
650 2 _aPsychology
_xhistory.
_9198020
942 _2ddc
_cBK
999 _c66875
_d66875